Willis's elements of quantity surveying / (Record no. 7790)
[ view plain ]
| 000 -LEADER | |
|---|---|
| fixed length control field | 01042nac a22002895a 4500 |
| 008 - FIXED-LENGTH DATA ELEMENTS--GENERAL INFORMATION | |
| fixed length control field | 150817s2005 enka fr 001 0 eng d |
| 010 ## - LIBRARY OF CONGRESS CONTROL NUMBER | |
| LC control number | 2004062751 |
| 020 ## - INTERNATIONAL STANDARD BOOK NUMBER | |
| International Standard Book Number | 1405125632 (alk. paper) |
| 020 ## - INTERNATIONAL STANDARD BOOK NUMBER | |
| International Standard Book Number | 9781405125635 (alk. paper) |
| 040 ## - CATALOGING SOURCE | |
| Original cataloging agency | EG-ScBUE |
| Language of cataloging | eng |
| Transcribing agency | EG-ScBUE |
| 082 04 - DEWEY DECIMAL CLASSIFICATION NUMBER | |
| Classification number | 692.5 |
| Item number | LEE |
| Edition number | 22 |
| 100 1# - MAIN ENTRY--PERSONAL NAME | |
| Personal name | Lee, Sandra, |
| 245 10 - TITLE STATEMENT | |
| Title | Willis's elements of quantity surveying / |
| Statement of responsibility, etc | Sandra Lee, William Trench, Andrew Willis. |
| 250 ## - EDITION STATEMENT | |
| Edition statement | 10th ed. |
| 260 ## - PUBLICATION, DISTRIBUTION, ETC. (IMPRINT) | |
| Place of publication, distribution, etc | Oxford : |
| Name of publisher, distributor, etc | Blackwell Publishing, |
| Date of publication, distribution, etc | 2005. |
| 300 ## - PHYSICAL DESCRIPTION | |
| Extent | 346 p. : |
| Other physical details | ill. ; |
| Dimensions | 25 cm. |
| 500 ## - GENERAL NOTE | |
| General note | Rev. ed. of: Willis's elements of quantity surveying / Andrew Willis, William Trench. 1998. |
| 500 ## - GENERAL NOTE | |
| General note | Index : p. 341-346. |
| 590 ## - LOCAL NOTE (RLIN) | |
| Local note | catalogued by : Mostafa El-Helaly |
| 650 #0 - SUBJECT ADDED ENTRY--TOPICAL TERM | |
| Topical term or geographic name as entry element | Building |
| General subdivision | Estimates. |
| Source of heading or term | BUEsh |
| 651 ## - SUBJECT ADDED ENTRY--GEOGRAPHIC NAME | |
| Source of heading or term | BUEsh |
| 653 ## - INDEX TERM--UNCONTROLLED | |
| Resource For college | Engineering, Civil |
| Arrived date list | August2015 |
| 700 1# - ADDED ENTRY--PERSONAL NAME | |
| Personal name | Willis, Andrew. |
| 700 1# - ADDED ENTRY--PERSONAL NAME | |
| Personal name | Trench, William, |
| Titles and other words associated with a name | F.R.I.C.S. |
| 700 1# - ADDED ENTRY--PERSONAL NAME | |
| Personal name | Willis, Andrew. |
| Fuller form of name | Willis's elements of quantity surveying. |
| 942 ## - ADDED ENTRY ELEMENTS (KOHA) | |
| Item type | Book - Borrowing |
| Call number prefix | 692.5 L5101 |
| Source of classification or shelving scheme | Dewey Decimal Classification |
| Withdrawn status | Item status | Source of classification or shelving scheme | Damaged status | Not for loan | Vendor | Home library | Current library | Shelving location | Date acquired | Source of acquisition | Cost, normal purchase price | Total Checkouts | Total Renewals | Full call number | Barcode | Date last seen | Date last borrowed | Cost, replacement price | Koha item type |
|---|---|---|---|---|---|---|---|---|---|---|---|---|---|---|---|---|---|---|---|
| Dewey Decimal Classification | Central Library | Central Library | First floor | 06/02/2008 | 325.00 | 2 | 55 | 692.5 LEE | 000001633 | 15/07/2025 | 12/03/2019 | 406.25 | Book - Borrowing | ||||||
| Dewey Decimal Classification | Central Library | Central Library | First floor | 06/02/2008 | Purchase | 325.00 | 2 | 3 | 692.5 LEE | 000009432 | 15/07/2025 | 16/04/2009 | 406.25 | Book - Borrowing | |||||
| Dewey Decimal Classification | Central Library | Central Library | First floor | 06/02/2008 | Purchase | 325.00 | 692.5 LEE | 000009433 | 15/07/2025 | 406.25 | NB - Book (Non borrowing) |